[Event "GER-ch U25-C"]
[Site "Willingen"]
[Date "2019.06.12"]
[Round "6"]
[White "Laag, Elena"]
[Black "Gerdes, Jesko"]
[Result "0-1"]
[WhiteElo "841"]
[BlackElo "1106"]
[PlyCount "98"]
[EventDate "2019.06.08"]
[EventType "swiss"]
[EventRounds "9"]
[EventCountry "GER"]
[SourceTitle "CBM 191 Extra"]
[Source "ChessBase"]
[SourceDate "2019.09.30"]
[SourceVersion "1"]
[SourceVersionDate "2019.09.30"]
[SourceQuality "1"]

1. e4 e5 2. Nf3 Nc6 3. Bc4 Nf6 4. Ng5 d5 5. exd5 Nd4 6. d6 Qxd6 7. Nxf7 Qc6 8. b3 Qxg2 9. d3 Qxh1+ 10. Kd2 Qxd1+ 11. Kxd1 Bg4+ 12. Kd2 g6 13. Nxh8 Bh6+ 14. Kc3 Bxc1 15. Nf7 Be6 16. Nxe5 Ne2+ 17. Kb4 Bb2 18. Bxe6 Bxa1 19. c3 Ke7 20. Bh3 Nd5+ 21. Kc4 Ndxc3 22. Nxc3 Bxc3 23. Bf1 Bxe5 24. Bxe2 Bxh2 25. Bf3 Rb8 26. a4 Bg1 27. Be2 Bxf2 28. b4 h5 29. b5 b6 30. Kb4 h4 31. Bf1 g5 32. Bh3 Rg8 33. Bg2 g4 34. Bd5 Rg5 35. Kc4 Kd6 36. Bc6 h3 37. d4 Bxd4 38. Kxd4 Re5 39. Be4 g3 40. Ke3 Rxe4+ 41. Kf3 h2 42. Kg2 Re2+ 43. Kh1 Re1+ 44. Kg2 h1R 45. Kxg3 Rh8 46. Kf2 Re7 47. a5 Rf8+ 48. Kg3 Rg7+ 49. Kh4 Rh8# 0-1

[Event "GER-ch U25-C"]
[Site "Willingen"]
[Date "2019.06.09"]
[Round "1"]
[White "Gerdes, Jesko"]
[Black "Hapke, Marvin"]
[Result "1-0"]
[WhiteElo "1106"]
[BlackElo "1187"]
[PlyCount "39"]
[EventDate "2019.06.08"]
[EventType "swiss"]
[EventRounds "9"]
[EventCountry "GER"]
[SourceTitle "CBM 191 Extra"]
[Source "ChessBase"]
[SourceDate "2019.09.30"]
[SourceVersion "1"]
[SourceVersionDate "2019.09.30"]
[SourceQuality "1"]

1. e4 d5 2. exd5 Nf6 3. Nc3 Nxd5 4. Nxd5 Qxd5 5. Nf3 e5 6. d3 Nc6 7. Be2 Be6 8. 0-0 0-0-0 9. c4 Qd6 10. Qc2 f6 11. Be3 g5 12. Rad1 g4 13. Nh4 g3 14. fxg3 Rg8 15. Rxf6 Be7 16. Nf5 Qd7 17. Nxe7+ Qxe7 18. Rff1 Rg6 19. Bh5 Rh6 20. Bxh6 1-0

[Event "Niedersachsen-ch op C"]
[Site "Verden"]
[Date "2019.01.06"]
[Round "7"]
[White "Rick, Niklas Corvin"]
[Black "Gerdes, Jesko"]
[Result "1-0"]
[WhiteElo "1221"]
[BlackElo "1026"]
[PlyCount "59"]
[EventDate "2019.01.03"]
[EventType "swiss"]
[EventRounds "7"]
[EventCountry "GER"]
[SourceTitle "EXT 2022"]
[Source "ChessBase"]
[SourceDate "2021.10.06"]
[SourceVersion "1"]
[SourceVersionDate "2021.10.06"]
[SourceQuality "1"]

1. d4 d5 2. c4 c6 3. cxd5 cxd5 4. Nc3 Nf6 5. Bf4 Nc6 6. e3 a6 7. Nf3 e6 8. Bd3 Bd6 9. Bxd6 Qxd6 10. Qc2 Nb4 11. Qe2 Nxd3+ 12. Qxd3 b5 13. 0-0 b4 14. Ne2 Bd7 15. a4 a5 16. b3 0-0 17. Ng3 Rac8 18. Rac1 Bc6 19. Ng5 g6 20. h4 Ng4 21. h5 Rb8 22. Rc5 Rbc8 23. Rxa5 Bb7 24. Qd1 Nf6 25. hxg6 hxg6 26. Qf3 Ne8 27. Re1 Rc3 28. Rb1 e5 29. Ne2 e4 30. Qh3 1-0

[Event "Niedersachsen-ch op C"]
[Site "Verden"]
[Date "2019.01.03"]
[Round "1"]
[White "Gerdes, Jesko"]
[Black "Fink, Moritz"]
[Result "0-1"]
[WhiteElo "1026"]
[BlackElo "1281"]
[PlyCount "92"]
[EventDate "2019.01.03"]
[EventType "swiss"]
[EventRounds "7"]
[EventCountry "GER"]
[SourceTitle "EXT 2022"]
[Source "ChessBase"]
[SourceDate "2021.10.06"]
[SourceVersion "1"]
[SourceVersionDate "2021.10.06"]
[SourceQuality "1"]

1. Nf3 d5 2. d4 Nf6 3. Nc3 Nc6 4. Bg5 Bf5 5. e3 e6 6. Ne5 h6 7. Bh4 g5 8. Bg3 Bg7 9. Be2 Nd7 10. Nxc6 bxc6 11. Bh5 Rb8 12. Rb1 c5 13. 0-0 0-0 14. Bg4 Bh7 15. b3 f5 16. Bh5 g4 17. f3 Qg5 18. Bxc7 Rb7 19. Bd6 Rc8 20. fxg4 Qxe3+ 21. Kh1 Qxc3 22. gxf5 Bxf5 23. Rc1 Qxd4 24. Qe1 Nf6 25. Be2 Rc6 26. Bg3 Ne4 27. Bd3 Qc3 28. Qe3 Qd4 29. Qf4 Nxg3+ 30. Qxg3 Bxd3 31. cxd3 Rcc7 32. Rf3 Rf7 33. Re3 Qf4 34. Qe1 Qf2 35. Qxf2 Rxf2 36. Kg1 Rxa2 37. Rxc5 Bd4 38. Rc8+ Kh7 39. Re8 Bxe3+ 40. Kf1 Rxb3 41. Re7+ Kg6 42. Rxe6+ Kf5 43. Rxe3 Rb1+ 44. Re1 Rxe1+ 45. Kxe1 Kf4 46. Kf1 a5 0-1